1252 1364 1694 1876 1846 1790 1924 1819 1208 1519 1688 1709 1094 1718 1149 1369 1655 1360 1751 1040 1967 1309 1753 1545 1076 1951 1412 1178 1819 1950 1816 1370 1052 1820 1967 1400 1690 1823 1837 1403 1433 1678 1013 1350 1751 1801 1619 1037 1901 1475 1718 1800 1584 1851 1991 1335 1608 1267 1870 1453 1918 1187 1424 1208 1082 1192 1559 1208 1615 1565 1312 1028 1914 1541 1914 1403 1248 1369 1816 1998 1261 1699 1181 1965 1966 1401 1429 1197 1725 1125 1733 1470 1118 1653 1416 1833 1839 1498 1438 BCNSPRNW ULIB Ver.6.0+V

เปลี่ยนเป็นภาษาไทย

Change to English
 แสดงรายละเอียดบรรณานุกรม
  กลับหน้าหลัก

Brief Record : Get Marc (ISO 2709) : E-mail record : QR code < ปิดหน้าต่าง
LEADER : 00000nam 2200000uu 4500
001    13399127832
003     ULIB
008    211008s2559||||th 000 0 tha d
020 ^   ^a9786169186731
060 ^   ^aWB310^bค695ค
245 0   ^aคู่มือการดูแลผู้ป่วยระยะท้ายและครอบครัว /^cกิติพล นาควิโรจน์ บรรณาธิการ.
250 ^   ^aพิมพ์ครั้งที่ 1.
260 ^   ^a[กรุงเทพฯ] :^bสมาคมบริบาลผู้ป่วยระยะท้าย,^c2559.
300 ^   ^axi, 196 หน้า :^bภาพประกอบ
650 ^   ^aการดูแลขั้นวิกฤต^vคู่มือ.
650 ^   ^aผู้ป่วยระยะสุดท้าย^xการดูแล^vคู่มือ.
650 ^   ^aผู้ป่วยหนัก^xการดูแล^vคู่มือ.
655 ^   ^aHealth Sciences Branch.
700 0   ^aกิติพล นาควิโรจน์,^eบรรณาธิการ.
710 2   ^aสมาคมบริบาลผู้ป่วยระยะท้าย
945    ^p250^l0^i28951
945    ^p250^l0^i28952
999    ^aกัณชพร จุลอักษร
รายการนี้ยังไม่มีแท็ก
คุณยังไม่ได้ล็อกอิน คุณสามารถมีกิจกรรมร่วมกับเว็บไซต์ได้ แต่ต้องล็อกอินก่อน ::
  ล็อกอิน

รายการสื่อสารสนเทศ

ลำดับที่ ประเภท เลขเรียก/บาร์โค้ด สถานที่ สถานะ
1. หนังสือสำรอง
หนังสือสำรอง
สถานะ=หนังสือเก่า
WB310 ค695ค ฉ.1 
  Barcode: 28951
ห้องสมุดวิทยาเขตนครสวรรค์
►ส่วนจัดเก็บหนังสือเก่า นว.
บนชั้น
  ขอยืม
2. วิทยาศาสตร์การแพทย์ และสุขภาพ
วิทยาศาสตร์การแพทย์ และสุขภาพ
สถานะ=หนังสือเก่า
WB310 ค695ค ฉ.2 
  Barcode: 28952
ห้องสมุดวิทยาเขตนครสวรรค์
►ส่วนจัดเก็บหนังสือเก่า นว.
บนชั้น
  ขอยืม

BibComment


ยังไม่เคยถูกคอมเมนท์

คอมเมนท์ทรัพยากรรายการนี้
  คอมเมนท์: คู่มือการดูแลผู..


 Copyright 2026. Bcnsprnw @Library